=LDR 00000nam 2200000 4500 =001 INLIS000000000031327 =005 20130612133415 =008 ***********************************ind** =035 ##$$0010-061300000031327 =041 ##$$a ind =082 ##$$a 664. 62 =090 ##$$a 664. 62 , Rus m =100 ##$$a Rusilanti =245 ##$$a Menu sehat untuk bayi, penulis, Rusilanti; penyunting, Yda Ayu Maruti =260 ##$$a 2008 $b Jakarta =300 ##$$a vi, 30 hlm. , ilus. , 22 cm =650 ##$$a Makanan Bayi =700 ##$$a Maruti,Yda Ayu =850 ##$$a NBPNMAT